00612 a2200193 450000100060000002000150000604000240002110000240004524000260006924500210009530000070011636200090012344000230013265000310015594200070018695201040019395201040029799900170040169188 a8576351080 cAnchieta - Itaigara aAlbergaria, Lino de10aTomás e Taíslpor10aTomás e Taís a310 a2006 1aLarousse do Brasil 4aLiteratura infanto-juvenil cBK 00104070a88.1b88.1d2023-11-21l0o028.5 ALB TOMp1260/ITAr2023-11-21 20:03:39w2023-11-21yBK 00104070a88.1b88.1d2023-11-21l0o028.5 ALB TOMp1261/ITAr2023-11-21 20:03:39w2023-11-21yBK c69188d69188